[Event "3rd Cambridge Int Open"]
[Site "Cambridge ENG"]
[Date "2025.05.27"]
[Round "3.35"]
[White "Walley, A Clive"]
[Black "Verbytski, Oleg"]
[Result "1-0"]
[WhiteElo "1871"]
[BlackElo "1976"]
[WhiteFideId "453404"]
[BlackFideId "495506"]
[EventDate "2025.05.26"]

1. e4 c5 2. Nf3 d6 3. Bb5+ Bd7 4. Bxd7+ Qxd7 5. c4 Nc6 6. d4 cxd4 7. Nxd4 g6 8.
Be3 Bg7 9. Nc3 Nf6 10. f3 O-O 11. Rc1 a6 12. O-O Rfc8 13. Na4 Qd8 14. Nb3 Nd7
15. c5 dxc5 16. Nbxc5 Nxc5 17. Bxc5 Nd4 18. Qd3 b5 19. Bb6 Qd6 20. Bc5 Qd8 21.
Bb6 Qd7 22. Nc3 Qd6 23. Nd5 Ne6 24. b3 Be5 25. g3 Qa3 26. Rc2 Nf8 27. f4 Bd6 28.
Kg2 a5 29. Bd4 a4 30. Rfc1 Rxc2+ 31. Rxc2 axb3 32. axb3 Ne6 33. Bb2 Qa5 34. f5
Ng7 35. Qd4 f6 36. Nxf6+ exf6 37. Qxd6 Qd8 38. Qxd8+ Rxd8 39. Bxf6 Rf8 40. Bxg7
Kxg7 41. fxg6 hxg6 42. Rc5 Re8 43. Kf3 Rb8 44. Kf4 Kf6 45. Rc6+ Kf7 46. Kg5 Re8
47. Rc7+ Kf8 48. Kf6 g5 49. e5 g4 50. e6 b4 51. Rf7+ Kg8 52. e7 Ra8 53. Rf8+
Rxf8+ 54. exf8=Q+ Kxf8 55. Kg5 Ke7 56. Kxg4 Kd6 57. h4 Ke6 58. Kf4 Kf6 59. g4
Kg6 60. Ke4 Kg7 61. Kd4 1-0

[Event "3rd Cambridge Int Open"]
[Site "Cambridge ENG"]
[Date "2025.05.27"]
[Round "3.36"]
[White "Alldritt, Nigel R E"]
[Black "Jones, Graeme"]
[Result "1/2-1/2"]
[WhiteElo "1952"]
[BlackElo "1781"]
[WhiteFideId "404543"]
[BlackFideId "343409083"]
[EventDate "2025.05.26"]

1. d4 Nf6 2. c4 e5 3. dxe5 Ng4 4. Bf4 Nc6 5. Nf3 Bb4+ 6. Nbd2 Qe7 7. e3 Ngxe5 8.
Nxe5 Nxe5 9. Be2 O-O 10. O-O d6 11. a3 Ba5 12. b4 Bb6 13. Nb3 a6 14. Qc2 Bd7 15.
Rad1 Ba4 16. Rd2 Ng6 17. Bg3 Bxe3 18. Rd3 Ba7 19. Bf3 Rab8 20. Kh1 Rfe8 21. Qd2
Ne5 22. Bxe5 Qxe5 23. Na5 Bb6 24. Nxb7 g6 25. g3 Bd7 26. c5 Bh3 27. Re3 Qf6 28.
Rfe1 Rxe3 29. Qxe3 dxc5 30. bxc5 Ba7 1/2-1/2

[Event "3rd Cambridge Int Open"]
[Site "Cambridge ENG"]
[Date "2025.05.27"]
[Round "3.37"]
[White "De Coverly, Roger D"]
[Black "Berkley, Stephen W"]
[Result "1-0"]
[WhiteElo "1918"]
[BlackElo "1740"]
[WhiteFideId "405213"]
[BlackFideId "486850"]
[EventDate "2025.05.26"]

1. e4 e6 2. d3 b5 3. Nf3 Bb7 4. g3 d5 5. Qe2 dxe4 6. dxe4 a6 7. Bg2 Nf6 8. Nbd2
Nbd7 9. e5 Ng8 10. O-O h6 11. Rd1 Qc8 12. Ne4 Nc5 13. Nd4 Nxe4 14. Bxe4 Ne7 15.
Nxe6 Bxe4 16. Rd8+ 1-0

[Event "3rd Cambridge Int Open"]
[Site "Cambridge ENG"]
[Date "2025.05.27"]
[Round "3.38"]
[White "McMahon, Paul"]
[Black "Xu, Jiarui"]
[Result "1-0"]
[WhiteElo "1911"]
[BlackElo "1725"]
[WhiteFideId "408212"]
[BlackFideId "471712"]
[EventDate "2025.05.26"]

1. e4 c6 2. Nf3 d5 3. exd5 cxd5 4. Ne5 Nf6 5. d4 e6 6. Bd3 Nc6 7. c3 Nxe5 8.
dxe5 Nd7 9. Qe2 Qc7 10. Bf4 Bc5 11. O-O Nf8 12. Nd2 Ng6 13. Bg3 O-O 14. Kh1 Qe7
15. Qh5 Bd7 16. Nf3 Be8 17. Ng5 h6 18. Nh3 f5 19. Qf3 Rd8 20. Rad1 Qf7 21. Qe2
Ne7 22. f4 Nc8 23. b4 Bb6 24. Bh4 Ne7 25. Rf3 Rc8 26. Bc2 a6 27. a4 Ng6 28. Bf2
Qc7 29. Bb3 Ne7 30. Rg3 Kh7 31. Rdd3 Nc6 32. Qe1 a5 33. Ng5+ hxg5 34. Bxb6 Qxb6
35. Rxg5 Kg8 36. Qh4 Rf7 37. Rh3 Kf8 38. Rh5 Rd7 39. Rh8+ Kf7 40. Qh5+ Ke7 41.
Qg5+ Kf7 42. R3h7 1-0

[Event "3rd Cambridge Int Open"]
[Site "Cambridge ENG"]
[Date "2025.05.27"]
[Round "3.39"]
[White "Keerthi Kumar, Advait"]
[Black "Pack, James"]
[Result "1-0"]
[WhiteElo "1823"]
[BlackElo "1884"]
[WhiteFideId "498033"]
[BlackFideId "438294"]
[EventDate "2025.05.26"]

1. e4 d6 2. d4 Nf6 3. Nc3 c6 4. Nf3 b5 5. a3 g6 6. d5 a6 7. dxc6 Nxc6 8. h3 Bb7
9. Be3 Rc8 10. Bd3 Na5 11. Rb1 Nc4 12. Bc1 Bg7 13. O-O O-O 14. Re1 Nxa3 15. bxa3
Rxc3 16. a4 Qa8 17. axb5 axb5 18. Rxb5 Bxe4 19. Bxe4 Nxe4 20. Bb2 Rc4 21. Bxg7
Kxg7 22. Rb3 Rfc8 23. Rbe3 d5 24. Nd2 Nxd2 25. Qxd2 Rxc2 26. Qd4+ Kg8 27. Rxe7
Rc1 28. Rxc1 Rxc1+ 29. Kh2 Qb8+ 30. g3 Rc7 31. Qe5 Rc8 32. Qxd5 Re8 1-0

[Event "3rd Cambridge Int Open"]
[Site "Cambridge ENG"]
[Date "2025.05.27"]
[Round "3.40"]
[White "McLean, Rory"]
[Black "Lazarus, Simon E"]
[Result "0-1"]
[WhiteElo "1762"]
[BlackElo "1874"]
[WhiteFideId "447153"]
[BlackFideId "343408451"]
[EventDate "2025.05.26"]

1. d4 d5 2. c4 e6 3. Nc3 c5 4. cxd5 cxd4 5. Qa4+ Bd7 6. Qxd4 exd5 7. Nf3 Nf6 8.
e3 Nc6 9. Qd3 Bc5 10. Be2 Qe7 11. O-O Be6 12. a3 Rd8 13. b4 Bd6 14. Bb2 O-O 15.
Nb5 Bb8 16. Nbd4 Nxd4 17. Bxd4 Ne4 18. Rac1 Nd6 19. Rfd1 Rfe8 20. Bf1 Bg4 21.
Be2 Bf5 22. Qc3 Ne4 23. Qb2 f6 24. Bc5 Nxc5 25. Rxc5 Be4 26. Bb5 Rf8 27. Bd3 b6
28. Rcc1 Bxf3 29. gxf3 d4 30. exd4 Qd6 31. f4 Qxf4 32. f3 Qxf3 33. Rd2 Bf4 34.
Qb3+ Kh8 35. Rf1 Be3+ 36. Rff2 Rc8 37. Qe6 Bxf2+ 38. Rxf2 Qxd3 0-1

[Event "3rd Cambridge Int Open"]
[Site "Cambridge ENG"]
[Date "2025.05.27"]
[Round "3.41"]
[White "Badacsonyi, Frankie"]
[Black "Lee, Yuk Hei"]
[Result "1-0"]
[WhiteTitle "FM"]
[WhiteElo "2190"]
[BlackElo "1870"]
[WhiteFideId "460400"]
[BlackFideId "343411061"]
[EventDate "2025.05.26"]

1. d4 d5 2. c4 c6 3. cxd5 cxd5 4. Bf4 Nf6 5. e3 Qb6 6. Qb3 Nc6 7. Qxb6 axb6 8.
Nc3 e6 9. Rc1 Bb4 10. a3 Bxc3+ 11. Rxc3 O-O 12. Nf3 Nd7 13. Bb5 Na7 14. Be2 Nf6
15. Rb3 Bd7 16. Rxb6 Bc6 17. Ne5 Rfd8 18. Nxc6 bxc6 19. O-O Nd7 20. Rb7 f6 21.
Bc7 Re8 22. Bd6 Nf8 23. Bc5 Nc8 24. Rc7 Rb8 25. b4 e5 26. Rxc6 Ne6 27. dxe5 fxe5
28. Bf3 e4 29. Bg4 Nxc5 30. Rxc5 Nb6 31. Rb5 Kf7 32. Rc1 Nc4 33. Rxd5 Nxa3 34.
Ra5 Nb5 35. Bd7 Re5 36. Bxb5 Rexb5 37. Rxb5 Rxb5 38. Rc4 Re5 39. g4 h6 40. h4 g6
41. Kg2 Re7 42. Kg3 g5 43. h5 Re6 44. b5 Rb6 45. Rc7+ Kf8 46. Rc5 Kf7 47. f3
exf3 48. Kxf3 Kg7 49. Ke4 Re6+ 50. Kd4 Rf6 51. Rc7+ Kg8 52. Rc6 Rf1 53. Rxh6 Kf7
54. Rg6 Rd1+ 55. Ke4 Rb1 56. Rxg5 Rb4+ 57. Kf3 Kf6 58. Rg6+ Kf7 59. b6 Rb1 60.
Rc6 Kg7 61. g5 Rb5 62. Rc7+ Kg8 63. b7 Rb4 64. Rc8+ Kh7 65. b8=Q Rxb8 66. Rxb8
Kg7 67. Rb7+ Kh8 68. g6 Kg8 69. h6 1-0

[Event "3rd Cambridge Int Open"]
[Site "Cambridge ENG"]
[Date "2025.05.27"]
[Round "3.42"]
[White "Pereslavtsev, Alexandr"]
[Black "Liu, Jacob"]
[Result "1-0"]
[WhiteElo "2093"]
[BlackElo "1825"]
[WhiteFideId "343401449"]
[BlackFideId "496960"]
[EventDate "2025.05.26"]

1. d4 d5 2. c4 c6 3. Nc3 Nf6 4. Nf3 e6 5. Bg5 Nbd7 6. cxd5 exd5 7. e3 h6 8. Bh4
Be7 9. Qc2 O-O 10. Bd3 Re8 11. O-O Nf8 12. Rab1 Ne4 13. Bxe7 Qxe7 14. b4 a6 15.
a4 Bf5 16. Ne5 f6 17. Nf3 Nd7 18. Nh4 Bh7 19. f3 f5 20. Nxf5 Bxf5 21. fxe4 dxe4
22. Bxa6 Rxa6 23. Rxf5 Nf6 24. b5 cxb5 25. Rfxb5 Ng4 26. Nd5 Qh4 27. g3 Qg5 28.
Nf4 Qf6 29. Qe2 h5 30. Rxh5 Nh6 31. Qb5 Rf8 32. Qxb7 g5 33. Qd5+ Nf7 34. Qxe4
Nh6 35. Qd5+ Nf7 36. Qe4 Nh6 37. Rb7 Rc8 38. Qh7+ Kf8 39. Rxh6 Rc1+ 40. Kg2 1-0

[Event "3rd Cambridge Int Open"]
[Site "Cambridge ENG"]
[Date "2025.05.27"]
[Round "3.43"]
[White "Skettos, Nicolas"]
[Black "Mork, Peter"]
[Result "1/2-1/2"]
[WhiteElo "1961"]
[BlackElo "1757"]
[WhiteFideId "5900670"]
[BlackFideId "1580604"]
[EventDate "2025.05.26"]

1. e4 c6 2. d3 d5 3. Nd2 g6 4. g3 Bg7 5. Bg2 Nf6 6. Ngf3 Bg4 7. O-O O-O 8. h3
Bxf3 9. Qxf3 e6 10. c3 a5 11. Qe2 dxe4 12. dxe4 e5 13. Nc4 Nbd7 14. a4 Qc7 15.
Rd1 Rfd8 16. Be3 Bf8 17. Rd2 b5 18. axb5 cxb5 19. Na3 b4 20. Nb5 Qc6 21. cxb4
Bxb4 22. Rc2 Qa6 23. Rac1 Rdc8 24. Nc7 Qxe2 25. Rxe2 Rab8 26. Rec2 Bd6 27. Nd5
Rxc2 28. Rxc2 Kg7 29. Rc6 Bb4 30. g4 Bf8 31. Nxf6 Nxf6 32. Bb6 Nd7 33. Bxa5 Rxb2
34. Rc7 Nc5 35. Bc3 Rb1+ 36. Kh2 Nd3 37. f4 Bc5 38. Bxe5+ Nxe5 39. Rxc5 Nd3 40.
Rc2 1/2-1/2

[Event "3rd Cambridge Int Open"]
[Site "Cambridge ENG"]
[Date "2025.05.27"]
[Round "3.44"]
[White "Gilsson, Asmund"]
[Black "Botteley, Michael T"]
[Result "0-1"]
[WhiteElo "1795"]
[BlackElo "1947"]
[WhiteFideId "1541242"]
[BlackFideId "427411"]
[EventDate "2025.05.26"]

1. d4 f5 2. Nc3 d5 3. e4 dxe4 4. Bf4 Nf6 5. f3 c6 6. fxe4 fxe4 7. Bc4 Bg4 8.
Nge2 Nbd7 9. Qd2 Nb6 10. Bb3 Qd7 11. O-O-O Nbd5 12. Nxd5 Nxd5 13. Be5 e6 14. h3
Bf5 15. Rhf1 a5 16. g4 Bg6 17. c3 Bd6 18. Qg5 Be7 19. Qd2 h6 20. Nf4 Bg5 21. h4
Nxf4 22. Bxf4 Bxh4 23. Qh2 Be7 24. Be5 Bg5+ 25. Kb1 Rf8 26. Bd6 Rf7 27. Bc2 Rd8
28. Bc5 Be7 29. Rxf7 Kxf7 30. Bb6 Ra8 31. Qf4+ Kg8 32. Bxe4 Bxe4+ 33. Qxe4 Ra6
34. Bc5 Bxc5 35. Rf1 Be7 36. Qf4 Bf6 37. Qb8+ Kh7 38. g5 Bxg5 39. Qf8 Qe7 40.
Qc8 Bf6 41. Re1 c5 42. d5 e5 43. Qf5+ g6 44. Qg4 Rd6 45. Rg1 Bg5 46. c4 Qf7 47.
Qh3 Qf5+ 0-1

[Event "3rd Cambridge Int Open"]
[Site "Cambridge ENG"]
[Date "2025.05.27"]
[Round "3.45"]
[White "Ward, Cian"]
[Black "Leigh, Dominic"]
[Result "1-0"]
[WhiteElo "1946"]
[BlackElo "1747"]
[WhiteFideId "475599"]
[BlackFideId "428310"]
[EventDate "2025.05.26"]

1. e4 c5 2. Nf3 d6 3. Bb5+ Nd7 4. d4 cxd4 5. Qxd4 a6 6. Bxd7+ Bxd7 7. c4 Nf6 8.
Bg5 e6 9. Nc3 h6 10. Bh4 Bc6 11. Rd1 Be7 12. Bg3 O-O 13. O-O Rc8 14. Rfe1 e5 15.
Qe3 Bd7 16. b3 Qa5 17. Qd2 Qc5 18. Rc1 Rfd8 19. Bh4 Bc6 20. Nd5 Bxd5 21. cxd5
Qb6 22. Bxf6 Bxf6 23. Rxc8 Rxc8 24. Rc1 Rc7 25. Rc2 Bd8 26. Qc1 Rxc2 27. Qxc2
Qc7 28. Qxc7 Bxc7 29. Kf1 Bb6 30. b4 g6 31. Nd2 Kf8 32. Nc4 Bc7 33. a4 Ke7 34.
b5 axb5 35. axb5 b6 36. g3 Bd8 37. f4 f6 38. Kf2 Bc7 39. Kf3 Kf7 40. Kg4 Kg7 41.
f5 g5 42. Kh5 Kh7 43. Ne3 Bd8 44. Ng4 Be7 45. Nxh6 Bf8 46. Ng4 Be7 47. h4 gxh4
48. Kxh4 Kg7 49. Kh5 Kh7 50. Ne3 Bd8 51. Nc4 Bc7 52. g4 Kg7 53. g5 fxg5 54. Kxg5
Bd8+ 55. f6+ Bxf6+ 56. Kf5 1-0

[Event "3rd Cambridge Int Open"]
[Site "Cambridge ENG"]
[Date "2025.05.27"]
[Round "3.46"]
[White "Hutchinson, Norman A"]
[Black "Jacobs, Simon"]
[Result "0-1"]
[WhiteElo "1935"]
[BlackElo "1736"]
[WhiteFideId "411540"]
[BlackFideId "343440673"]
[EventDate "2025.05.26"]

1. e4 c6 2. d4 d5 3. e5 c5 4. dxc5 e6 5. a3 Bxc5 6. Nf3 f6 7. b4 Be7 8. Bb2 a5
9. b5 Nd7 10. Bd3 Nh6 11. O-O Nf7 12. Re1 fxe5 13. Nxe5 Ndxe5 14. Bxe5 Nxe5 15.
Rxe5 Bf6 16. f4 Qe7 17. Nd2 Bxe5 18. fxe5 Qg5 19. Qe2 O-O 20. Re1 b6 21. Nf3 Qe7
22. a4 Bb7 23. Kh1 Rf4 24. Qe3 Rxa4 25. Qxb6 Bc8 26. Nd4 Bd7 27. Qb7 Qe8 28. Nc6
Bxc6 29. bxc6 Rb4 30. Qc7 Rbb8 31. Qd6 Rb6 0-1

[Event "3rd Cambridge Int Open"]
[Site "Cambridge ENG"]
[Date "2025.05.27"]
[Round "3.47"]
[White "Myall, Ivan J"]
[Black "Pride, Stephen C"]
[Result "1-0"]
[WhiteElo "1924"]
[BlackElo "1640"]
[WhiteFideId "425168"]
[BlackFideId "419680"]
[EventDate "2025.05.26"]

1. e4 Nf6 2. Nc3 Nc6 3. d4 d5 4. e5 Nd7 5. Nxd5 Ndb8 6. Ne3 Qxd4 7. Qxd4 Nxd4 8.
c3 Ne6 9. g3 g6 10. f4 Bg7 11. Bg2 c6 12. h4 h5 13. Be4 Nc5 14. Bc2 O-O 15. Nf3
Rd8 16. Nd4 a5 17. Bd2 b5 18. O-O-O Bb7 19. Rhg1 Nbd7 20. g4 hxg4 21. Nxg4 Nf8
22. f5 Ncd7 23. fxg6 fxg6 24. h5 Nxe5 25. Nxe5 Bxe5 26. Bb3+ Kh7 27. hxg6+ Nxg6
28. Rh1+ Kg7 29. Ne6+ 1-0

[Event "3rd Cambridge Int Open"]
[Site "Cambridge ENG"]
[Date "2025.05.27"]
[Round "3.48"]
[White "Letton, Rob"]
[Black "Kirupakaran, Vishnu"]
[Result "0-1"]
[WhiteElo "1786"]
[BlackElo "1847"]
[WhiteFideId "464384"]
[BlackFideId "443492"]
[EventDate "2025.05.26"]

1. e4 c5 2. Nc3 e6 3. f4 Nc6 4. Nf3 a6 5. g3 b5 6. Bg2 Bb7 7. O-O Be7 8. d3 b4
9. Ne2 d5 10. exd5 exd5 11. d4 Nf6 12. Ne5 O-O 13. c4 Nxd4 14. Nxd4 cxd4 15. b3
Ne4 16. Bb2 dxc4 17. Bxd4 cxb3 18. axb3 Nc3 19. Bxc3 Bxg2 20. Qxd8 Rfxd8 21.
Kxg2 bxc3 22. Nc6 Rd2+ 23. Rf2 Rxf2+ 24. Kxf2 Bc5+ 25. Ke2 a5 26. Kd3 Ra6 27.
Ne5 Rd6+ 28. Kc2 Bb4 29. Nc4 Rh6 30. h4 Rg6 31. Rd1 Kf8 32. Rd3 Ra6 33. f5 Ke7
34. g4 f6 35. Rd4 Ra7 36. Nb6 Rb7 37. Nd5+ Ke8 38. Re4+ Kd7 39. Nf4 Kd6 40. Ne6
Kd5 41. Kd3 Re7 42. Rd4+ Kc6 43. Rc4+ Kb6 44. Nd4 Rd7 45. Ke4 g6 46. fxg6 hxg6
47. Rc6+ Kb7 48. Rxf6 Bc5 49. Ne6 Ba3 0-1

[Event "3rd Cambridge Int Open"]
[Site "Cambridge ENG"]
[Date "2025.05.27"]
[Round "3.49"]
[White "Renaud, Jacques"]
[Black "Shivakumar, Akshath"]
[Result "0-1"]
[WhiteElo "1674"]
[BlackElo "1819"]
[WhiteFideId "651088797"]
[BlackFideId "499765"]
[EventDate "2025.05.26"]

1. e4 c5 2. Nc3 Nc6 3. g3 d6 4. Bg2 g6 5. Nf3 Bg7 6. a4 e6 7. d3 Nge7 8. Ne2 O-O
9. c3 e5 10. Be3 f5 11. Qb3+ Kh8 12. O-O h6 13. h4 Rf6 14. Rfd1 Be6 15. Qa3 Qf8
16. Bd2 fxe4 17. Ne1 Bg4 18. Bf1 Rxf2 0-1

[Event "3rd Cambridge Int Open"]
[Site "Cambridge ENG"]
[Date "2025.05.27"]
[Round "3.50"]
[White "Bay-Petersen, Ole"]
[Black "Tso, Chi Wai"]
[Result "1/2-1/2"]
[WhiteElo "1780"]
[BlackElo "1881"]
[WhiteFideId "430188"]
[BlackFideId "343461417"]
[EventDate "2025.05.26"]

1. d4 Nf6 2. Nf3 d6 3. e3 g6 4. Bd3 Bg7 5. b3 e5 6. Nbd2 exd4 7. exd4 O-O 8. O-O
Nc6 9. Bb2 d5 10. Re1 Nb4 11. Bf1 Bf5 12. Ba3 Nxc2 13. Bxf8 Qxf8 14. Nh4 Nxd4
15. Nxf5 Nxf5 16. Nf3 c6 17. Bd3 Nd6 18. Rc1 Nfe4 19. Bxe4 Nxe4 20. Nd4 Qb4 21.
Nc2 Qb6 22. Ne3 f5 23. g3 Rd8 24. Qc2 Kh8 25. Rcd1 d4 26. Nc4 Qc5 27. Qd3 Qd5
28. Qf3 Re8 29. Rd3 Qd8 30. Nb2 Qa5 31. Ra1 Ng5 32. Qd1 Qd5 33. h4 Nf7 34. Nc4
b5 35. Ne3 Qe4 36. Nc2 Ne5 37. Ne1 Nxd3 38. Qxd3 Qxd3 39. Nxd3 Bf8 40. b4 Kg7
41. Kf1 Kf6 42. Rc1 Re6 43. a3 Bh6 44. Rc5 Bf8 45. Rc2 Rd6 46. Ke2 Ke6 47. Kf3
Kd7 48. Nc5+ Kc7 49. Ke2 Kb6 50. Kd3 Rd5 51. Ne6 Be7 52. Nf4 Rd6 53. Ne2 g5 54.
hxg5 Bxg5 55. f4 Bf6 56. Rc5 Rd5 57. Rxd5 cxd5 58. Nc1 Kc6 59. Nb3 Kd6 60. Na5
Kc7 61. Nb3 Kd6 62. Na5 Kc7 63. Nb3 Kd6 1/2-1/2

[Event "3rd Cambridge Int Open"]
[Site "Cambridge ENG"]
[Date "2025.05.27"]
[Round "3.51"]
[White "Warner, Nicholas"]
[Black "Volovich, Andrew"]
[Result "1-0"]
[WhiteElo "1741"]
[BlackElo "1628"]
[WhiteFideId "343414400"]
[BlackFideId "472042"]
[EventDate "2025.05.26"]

1. f4 Nf6 2. Nf3 d6 3. e3 g6 4. b4 Bg7 5. Bb2 O-O 6. c4 Nbd7 7. Be2 b6 8. O-O c5
9. b5 a6 10. Na3 d5 11. Ne5 dxc4 12. Nc6 Qe8 13. Bf3 Bb7 14. Nxe7+ Qxe7 15. Bxb7
Ra7 16. bxa6 Nd5 17. Bxg7 Kxg7 18. Bxd5 Rxa6 19. Nxc4 g5 20. Qe2 Kh8 21. Qd3 b5
22. Qc3+ Kg8 23. Ne5 Nf6 24. Bxf7+ Rxf7 25. Nxf7 Qxf7 26. fxg5 Ne4 27. Rxf7 Nxc3
28. Rb7 Ne4 29. Rxb5 c4 30. Rd5 Kf7 31. Rd4 Nd6 32. Rf1+ Ke7 33. Rf6 Rc6 34.
Rdxd6 Rxd6 35. Rxd6 Kxd6 36. Kf2 1-0

[Event "3rd Cambridge Int Open"]
[Site "Cambridge ENG"]
[Date "2025.05.27"]
[Round "3.52"]
[White "Siddhartha Shankar Srivastava"]
[Black "Doman, Richard"]
[Result "1/2-1/2"]
[WhiteElo "1647"]
[BlackElo "1661"]
[WhiteFideId "25780590"]
[BlackFideId "343447732"]
[EventDate "2025.05.26"]

1. e4 d5 2. exd5 Nf6 3. d4 Nxd5 4. c4 Nf6 5. Nc3 e6 6. a3 c5 7. Nf3 Nc6 8. Be3
Ng4 9. dxc5 Qxd1+ 10. Rxd1 Nxe3 11. fxe3 Bxc5 12. Nb5 Ke7 13. Kf2 a6 14. Nbd4
Bd7 15. Be2 f6 16. b4 Ba7 17. Nxc6+ Bxc6 18. Nd4 Be4 19. Bf3 Bxf3 20. gxf3 Rad8
21. c5 Rd5 22. Rhg1 g6 23. Ke2 Rhd8 24. Nb3 1/2-1/2

[Event "3rd Cambridge Int Open"]
[Site "Cambridge ENG"]
[Date "2025.05.28"]
[Round "4.1"]
[White "Fernandez, Daniel Howard"]
[Black "Siva, Mahadevan"]
[Result "0-1"]
[WhiteTitle "GM"]
[BlackTitle "IM"]
[WhiteElo "2475"]
[BlackElo "2385"]
[WhiteFideId "5801605"]
[BlackFideId "25043153"]
[EventDate "2025.05.26"]

1. d4 d5 2. Bf4 c5 3. e3 Nc6 4. c3 Qb6 5. Qb3 c4 6. Qc2 e5 7. Bxe5 Nxe5 8. dxe5
Bf5 9. Qxf5 Qxb2 10. Kd1 Qxa1 11. Qc2 b5 12. Ke2 Bc5 13. e6 Nf6 14. exf7+ Kxf7
15. Nf3 Rhe8 16. g3 Rab8 17. Ng5+ Kg8 18. Bg2 Rbd8 19. Rd1 d4 20. cxd4 Bxd4 21.
Bc6 Bxe3 22. Rxd8 Rxd8 23. fxe3 Qe5 24. Ne4 Rd3 25. Nbc3 Qh5+ 26. Kf1 Ng4 27.
Kg1 Nxe3 28. Qe2 Rd1+ 29. Kf2 Ng4+ 0-1

[Event "3rd Cambridge Int Open"]
[Site "Cambridge ENG"]
[Date "2025.05.28"]
[Round "4.2"]
[White "Adams, Michael"]
[Black "Pert, Richard G"]
[Result "1/2-1/2"]
[WhiteTitle "GM"]
[BlackTitle "IM"]
[WhiteElo "2661"]
[BlackElo "2413"]
[WhiteFideId "400041"]
[BlackFideId "404748"]
[EventDate "2025.05.26"]

1. e4 d5 2. exd5 c6 3. dxc6 Nxc6 4. Nc3 e5 5. Nf3 Nf6 6. Bb5 Bd6 7. d3 O-O 8.
Bxc6 bxc6 9. Bg5 Rb8 10. Rb1 Bg4 11. O-O h6 12. Bxf6 Qxf6 13. Ne4 Qe7 14. h3 Bh5
15. Nxd6 Qxd6 16. Qe2 Rbe8 17. Qe3 f5 18. Rfe1 f4 19. Qe4 Bf7 20. Rbd1 Bd5 21.
Qe2 c5 22. Rd2 Qg6 23. Qd1 Kh7 24. a3 a5 25. c3 Bb7 26. Kh2 Rf6 27. d4 cxd4 28.
cxd4 e4 29. Ne5 Qg5 30. Qg4 Rxe5 31. dxe5 Qxe5 32. Qd7 Bc6 33. Qd4 Qf5 34. Rc2
e3 35. Rc5 Qg6 36. Rxc6 Rxc6 37. Qxf4 exf2 38. Qxf2 Rc2 39. Re2 Qd6+ 40. Kg1
Qd1+ 41. Re1 Rxf2 42. Rxd1 Rxb2 43. Rd5 Ra2 44. Rxa5 Kg6 45. h4 Ra1+ 46. Kf2
Ra2+ 47. Kf3 h5 48. a4 Kh6 49. g3 Ra3+ 50. Kf4 Ra1 51. Ra6+ g6 52. Ra8 Ra3 53.
Ra5 Ra1 54. Ke4 Ra3 55. Kf4 Ra1 56. Ra8 Ra3 57. a5 Ra4+ 58. Ke5 Ra3 59. a6 Kg7
60. Kd6 Rxg3 61. Rc8 Ra3 62. Rc6 g5 63. hxg5 Kg6 64. Kc7+ Kxg5 65. Kb7 h4 66. a7
Rxa7+ 67. Kxa7 h3 68. Rc3 Kg4 69. Rxh3 Kxh3 1/2-1/2

[Event "3rd Cambridge Int Open"]
[Site "Cambridge ENG"]
[Date "2025.05.28"]
[Round "4.3"]
[White "Sasikumar, Srivathsan"]
[Black "Li, Wenxiang"]
[Result "1/2-1/2"]
[WhiteElo "1953"]
[BlackElo "2342"]
[WhiteFideId "343401279"]
[BlackFideId "8609748"]
[EventDate "2025.05.26"]

1. e4 c5 2. Nf3 g6 3. d4 cxd4 4. Nxd4 Bg7 5. Be3 Nf6 6. Nc3 Nc6 7. Be2 O-O 8.
O-O d6 9. h3 Bd7 10. Qd2 Rc8 11. Rad1 a6 12. a4 Qc7 13. f4 Na5 14. Nf3 Nc4 15.
Bxc4 Qxc4 16. Bd4 Be6 17. Ng5 Qc6 18. Nxe6 fxe6 19. e5 Ne4 20. Qe3 dxe5 21. fxe5
Nxc3 22. Bxc3 Qxa4 23. Qb6 Rxf1+ 24. Rxf1 Qc6 25. Qxc6 Rxc6 26. Rd1 Kf7 27. Rd7
b5 28. Ra7 g5 29. Kf2 Rc4 30. Ke3 Rc5 31. Ke4 Rc6 32. g4 b4 33. Bd2 Rxc2 34.
Bxg5 Rxb2 35. Bxe7 Kg6 36. Rxa6 b3 37. Rb6 1/2-1/2

[Event "3rd Cambridge Int Open"]
[Site "Cambridge ENG"]
[Date "2025.05.28"]
[Round "4.4"]
[White "Balaji, Aaravamudhan"]
[Black "Adams, George"]
[Result "1-0"]
[WhiteTitle "IM"]
[WhiteElo "2346"]
[BlackElo "1829"]
[WhiteFideId "436224"]
[BlackFideId "487643"]
[EventDate "2025.05.26"]

1. d4 d5 2. c4 c6 3. cxd5 cxd5 4. Bf4 Nc6 5. e3 Nf6 6. Nc3 Bf5 7. Qb3 Na5 8.
Qa4+ Bd7 9. Qc2 e6 10. Bd3 Rc8 11. Nf3 Bb4 12. O-O O-O 13. Rfc1 h6 14. h3 a6 15.
Qe2 Bxc3 16. bxc3 Nc4 17. Ne5 Bb5 18. a4 Nxe5 19. Bxe5 Bxd3 20. Qxd3 Rc4 21.
Rcb1 Ne4 22. Rxb7 Qh4 23. Qe2 Rxc3 24. f3 Nf6 25. Rc7 Rxc7 26. Bxc7 Rc8 27. Rc1
Ne8 28. Qxa6 Rxc7 29. Rxc7 Qe1+ 30. Kh2 Nxc7 31. Qc8+ Kh7 32. Qxc7 Qxe3 33. a5
Qxd4 34. a6 Qa4 35. a7 Kg6 36. Qb8 e5 37. Qb1+ f5 38. g4 Qf4+ 39. Kg2 e4 40.
fxe4 Qd2+ 41. Kh1 Qa5 42. e5 Kg5 43. Qxf5+ Kh4 44. Kg2 g6 45. Qf6+ 1-0

[Event "3rd Cambridge Int Open"]
[Site "Cambridge ENG"]
[Date "2025.05.28"]
[Round "4.5"]
[White "Yoon, Jacob D"]
[Black "Hindol Ghosh"]
[Result "1-0"]
[WhiteTitle "CM"]
[WhiteElo "2250"]
[BlackElo "1669"]
[WhiteFideId "446076"]
[BlackFideId "25101641"]
[EventDate "2025.05.26"]

1. Nf3 Nf6 2. b3 e6 3. Bb2 d5 4. e3 c5 5. c4 Nc6 6. Be2 d4 7. exd4 cxd4 8. d3
Bc5 9. O-O O-O 10. Nbd2 e5 11. a3 a5 12. Ng5 Bf5 13. f3 Bg6 14. Nge4 Nxe4 15.
fxe4 f5 16. Bf3 Qg5 17. exf5 Bxf5 18. Bd5+ Kh8 19. Be4 Bxe4 20. Nxe4 Rxf1+ 21.
Qxf1 Qe7 22. Qe2 Rf8 23. Bc1 Bb6 24. Bg5 Qf7 25. Bd2 Qe7 26. c5 Bc7 27. b4 axb4
28. axb4 h6 29. Rf1 Nd8 30. Rxf8+ Qxf8 31. Qg4 Qf7 32. Qc8 Kh7 33. b5 b6 34. c6
Ne6 35. h3 Qe7 36. Bb4 Qf7 37. Qd7 Qf5 38. Bd2 Bd8 39. Nd6 Qg6 40. Nf7 Qxd3 41.
Qxe6 Qxd2 42. Qf5+ g6 43. Qxe5 Qc1+ 44. Kh2 g5 45. Nxd8 d3 46. Qe7+ Kg8 47. Qe6+
Kg7 48. Qf7+ Kh8 49. Qf6+ Kh7 50. Ne6 1-0

[Event "3rd Cambridge Int Open"]
[Site "Cambridge ENG"]
[Date "2025.05.28"]
[Round "4.7"]
[White "Bosiocic, Marin"]
[Black "York-Weaving, Richard"]
[Result "1-0"]
[WhiteTitle "GM"]
[BlackTitle "FM"]
[WhiteElo "2511"]
[BlackElo "2323"]
[WhiteFideId "14507927"]
[BlackFideId "401161"]
[EventDate "2025.05.26"]

1. e4 c5 2. Nf3 e6 3. d4 cxd4 4. Nxd4 Nc6 5. Nc3 Qc7 6. Be3 a6 7. Qf3 d6 8. g4
Bd7 9. Qg3 b5 10. a3 Ne5 11. f4 Nc4 12. Bxc4 Qxc4 13. g5 Ne7 14. f5 Nc6 15. Nf3
exf5 16. O-O-O O-O-O 17. Rd5 Ne7 18. Rxd6 f4 19. Bxf4 Nf5 20. Rb6 Bd6 21. Bxd6
Nxg3 22. Rb8# 1-0